|
|
|
|
| LEADER |
00000cas a2200000 a 4500 |
| 001 |
vtls009089716 |
| 003 |
SK-MaSNL |
| 005 |
20260228160255.0 |
| 008 |
070828d19912022xo mr|p 0 b0slo |
| 040 |
|
|
|a SNK
|b slo
|c SNK
|e AACR2
|
| 041 |
0 |
|
|a slo
|
| 044 |
|
|
|a xo
|c SK
|
| 072 |
|
7 |
|a 79
|x Rekreácia. Voľný čas. Zábavy. Hry. Šport
|2 konspekt
|
| 080 |
|
|
|a 793.7
|2 2011
|
| 080 |
|
|
|a 379.8(051)
|2 2011
|
| 080 |
|
|
|a 050
|2 2011
|
| 245 |
0 |
0 |
|a Malý šibal
|b krížovky osemsmerovky sudoku
|
| 246 |
3 |
2 |
|a Šibal malý
|
| 260 |
|
|
|a Bratislava
|b Pavol Čierny
|c 1990-12/2003, 10/2017
|
| 260 |
3 |
|
|a 11/2017-9/2022
|a Bratislava
|b Michal Čierny
|
| 300 |
|
|
|a 20 zv.
|c 21 cm
|
| 310 |
|
|
|a 1x mesačne
|
| 362 |
0 |
|
|a 1991-roč. 14 (2003) ; roč. 26, č. 1 (2017)-roč. 31, č. 9 (2022)
|
| 500 |
|
|
|a Popis podľa: Roč. 10, č. 1 (1999)
|
| 500 |
|
|
|a Evidenčné č.: EV 3755/09
|
| 500 |
|
|
|a Podnázov do roku 2003: krížovky a hlavolamy do vrecka
|
| 515 |
|
|
|a Č. 8/2017 má chybne uvedený roč. 25
|
| 650 |
0 |
7 |
|a krížovky
|2 SNKPH
|9 3313
|
| 655 |
|
7 |
|a časopisy pre voľný čas
|2 SNKPH
|9 70337
|
| 910 |
|
|
|a snk
|
| 999 |
|
|
|c 2033
|d 3963
|
| 952 |
|
|
|t č. 1-12
|a SNK
|b SNK
|y PREZ
|7 0
|p 17A0600279
|o snkČSD 1806/8/1997
|i snk2009/5472
|8 0
|0 0
|1 0
|4 0
|d 2009-03-17
|l 0
|r 2026-02-21 19:30:50
|w 2026-02-21
|
| 952 |
|
|
|t č. 1-12
|a SNK
|b SNK
|y PREZ
|7 0
|p 17A0600280
|o snkČSD 1806/8/1997 D1
|i snk2009/5473
|8 0
|0 0
|1 0
|4 0
|d 2009-03-17
|l 0
|r 2026-02-21 19:30:50
|w 2026-02-21
|
| 952 |
|
|
|t č. 1-12
|a SNK
|b SNK
|y PREZ
|7 0
|p 17A0600969
|o snkČSD 1806/9/1998
|i snk2009/5474
|8 0
|0 0
|1 0
|4 0
|d 2009-03-17
|l 0
|r 2026-02-21 19:30:50
|w 2026-02-21
|
| 952 |
|
|
|t č. 1-12
|a SNK
|b SNK
|y PREZ
|7 0
|p 17A0600970
|o snkČSD 1806/9/1998 D1
|i snk2009/5475
|8 0
|0 0
|1 0
|4 0
|d 2009-03-17
|l 0
|r 2026-02-21 19:30:50
|w 2026-02-21
|
| 952 |
|
|
|t č. 1-12
|a SNK
|b SNK
|y PREZ
|7 0
|p 17A0600971
|o snkČSD 1806/11/2000
|i snk2009/5476
|8 0
|0 0
|1 0
|4 0
|d 2009-03-17
|l 0
|r 2026-02-21 19:30:50
|w 2026-02-21
|
| 952 |
|
|
|t č. 1-12
|a SNK
|b SNK
|y PREZ
|7 0
|p 17A0600972
|o snkČSD 1806/11/2000 D1
|i snk2009/5477
|8 0
|0 0
|1 0
|4 0
|d 2009-03-17
|l 0
|r 2026-02-21 19:30:50
|w 2026-02-21
|
| 952 |
|
|
|t č. 1-12, neúplné
|a SNK
|b SNK
|c SNK_KF
|y PREZ
|7 8
|p 17A1558007
|o snkČSD 1806/30/2021
|i snk2025/15869
|8 0
|z Chýba č. 3, 4, 7, 8, 10-12
|0 0
|1 0
|4 0
|d 2025-10-07
|l 0
|r 2026-02-21 20:02:03
|w 2026-02-21
|
| 952 |
|
|
|t č. 1-9, neúplné
|a SNK
|b SNK
|c SNK_KF
|y PREZ
|7 8
|p 17A1558008
|o snkČSD 1806/31/2022
|i snk2025/15871
|8 0
|z CHýba č. 1
|0 0
|1 0
|4 0
|d 2025-10-07
|l 0
|r 2026-02-21 20:02:03
|w 2026-02-21
|
| 952 |
|
|
|t č. 1-12, neúplné
|a SNK
|b SNK
|c SNK_KF
|y PREZ
|7 8
|p 17A1558006
|o snkČSD 1806/29/2020
|i snk2025/15853
|8 0
|z Chýba č. 12
|0 0
|1 0
|4 0
|d 2025-10-07
|l 0
|r 2026-02-21 20:09:57
|w 2026-02-21
|
| 952 |
|
|
|t č. 1-11, neúplné
|a SNK
|b SNK
|y PREZ
|7 0
|p 17A0502588
|o snkČSD 1806/13/2002 D1
|i snk2007/19868
|8 0
|z Chýba č. 6,12.
|0 0
|1 0
|4 0
|d 2007-09-03
|l 0
|r 2026-02-21 20:16:00
|w 2026-02-21
|
| 952 |
|
|
|t č. 1-11, neúplné
|a SNK
|b SNK
|y PREZ
|7 0
|p 17A0502583
|o snkČSD 1806/10/1999
|i snk2007/19857
|8 0
|z Chýba č. 12
|0 0
|1 0
|4 0
|d 2007-09-03
|l 0
|r 2026-02-21 21:11:40
|w 2026-02-21
|
| 952 |
|
|
|t č. 1-11, neúplné
|a SNK
|b SNK
|y PREZ
|7 0
|p 17A0502584
|o snkČSD 1806/10/1999 D1
|i snk2007/19859
|8 0
|z Chýba č. 12.
|0 0
|1 0
|4 0
|d 2007-09-03
|l 0
|r 2026-02-21 21:11:40
|w 2026-02-21
|
| 952 |
|
|
|t č. 1-12, neúplné
|a SNK
|b SNK
|y PREZ
|7 0
|p 17A0502585
|o snkČSD 1806/12/2001
|i snk2007/19863
|8 0
|z Chýba č. 4.
|0 0
|1 0
|4 0
|d 2007-09-03
|l 0
|r 2026-02-21 21:11:40
|w 2026-02-21
|
| 952 |
|
|
|t č. 1-12, neúplné
|a SNK
|b SNK
|y PREZ
|7 0
|p 17A0502586
|o snkČSD 1806/12/2001 D1
|i snk2007/19865
|8 0
|z Chýba č. 4.
|0 0
|1 0
|4 0
|d 2007-09-03
|l 0
|r 2026-02-21 21:11:40
|w 2026-02-21
|
| 952 |
|
|
|t č. 1-11, neúplné
|a SNK
|b SNK
|y PREZ
|7 0
|p 17A0502587
|o snkČSD 1806/13/2002
|i snk2007/19866
|8 0
|z Chýba č. 6,12.
|0 0
|1 0
|4 0
|d 2007-09-03
|l 0
|r 2026-02-21 21:11:40
|w 2026-02-21
|
| 952 |
|
|
|t č. 1-11, neúplné
|a SNK
|b SNK
|y PREZ
|7 0
|p 17A0502589
|o snkČSD 1806/14/2003
|i snk2007/19871
|8 0
|z Chýba č. 3,12.
|0 0
|1 0
|4 0
|d 2007-09-03
|l 0
|r 2026-02-21 21:11:40
|w 2026-02-21
|
| 952 |
|
|
|t č. 1-11, neúplné
|a SNK
|b SNK
|y PREZ
|7 0
|p 17A0502590
|o snkČSD 1806/14/2003 D1
|i snk2007/19873
|8 0
|z Chýba č. 3,12.
|0 0
|1 0
|4 0
|d 2007-09-03
|l 0
|r 2026-02-21 21:11:40
|w 2026-02-21
|
| 952 |
|
|
|t č. 1-12, neúplné
|a SNK
|b SNK
|y PREZ
|7 0
|p 17A1432889
|o snkČSD 1806/26/2017
|i snk2020/20359
|8 0
|z Chýba č. 1-5, 7
|0 0
|1 0
|4 0
|d 2020-11-03
|l 0
|r 2026-02-21 22:23:32
|w 2026-02-21
|
| 952 |
|
|
|t č. 1-12, neúplné
|a SNK
|b SNK
|y PREZ
|7 0
|p 17A1432888
|o snkČSD 1806/27/2018
|i snk2020/20360
|8 0
|z Chýba č. 12
|0 0
|1 0
|4 0
|d 2020-11-03
|l 0
|r 2026-02-21 22:23:32
|w 2026-02-21
|
| 952 |
|
|
|t č. 1-12, neúplné
|a SNK
|b SNK
|y PREZ
|7 0
|p 17A1432887
|o snkČSD 1806/28/2019
|i snk2020/20361
|8 0
|z Chýba č. 9
|0 0
|1 0
|4 0
|d 2020-11-03
|l 0
|r 2026-02-21 22:23:32
|w 2026-02-21
|